00182nam a2200085Ia 4500008004100000100001100041245001400052260002100066260000900087170620s9999 xx 000 0 und d aKesari 0aHindu Law bCentral Law Pub. c2001